000 00209nam a22000857a 4500
008 170202b xxu||||| |||| 00| 0 eng d
100 _92741
_aCCE
245 _aInteract in English-X
260 _aNew Delhi
_bFrank
_c2010
999 _c5917
_d5917